Leadership style and power relations in quantity surveying in Hong Kong (Record no. 74129)

MARC details
000 -LEADER
fixed length control field 01199cab a2200241 4500
001 - CONTROL NUMBER
control field ABS67459
008 - FIXED-LENGTH DATA ELEMENTS--GENERAL INFORMATION
fixed length control field 040205n2003 000 0 eng u
035 ## - SYSTEM CONTROL NUMBER
System control number (Sirsi) u125060
100 ## - MAIN ENTRY--PERSONAL NAME
Personal name Fellows, R.
245 ## - TITLE STATEMENT
Title Leadership style and power relations in quantity surveying in Hong Kong
260 ## - PUBLICATION, DISTRIBUTION, ETC.
Date of publication, distribution, etc. 2003
490 ## - SERIES STATEMENT
Series statement Construction Management and Economics
Volume/sequential designation 21(8) December 2003, 809-818(10)
520 ## - SUMMARY, ETC.
Summary, etc. Investigates aspects of leadership style and power within quantity surveying in both clients' and contractors' project teams. Research was based on questionnaires to team leaders and team members. The results confirmed the relationship emphasis of clients' consultant quantity surveyors, who tend to adopt the supportive style of leadership. The directive style of leadership showed negative impact. Power distance was found to exceed that measured previously for Hong Kong and expert power was the most important power source. Diagram, tables and references.
590 ## - LOCAL NOTE (RLIN)
Local note ABS
650 ## - SUBJECT ADDED ENTRY--TOPICAL TERM
Topical term or geographic name entry element LEADERSHIP
650 ## - SUBJECT ADDED ENTRY--TOPICAL TERM
Topical term or geographic name entry element CULTURE
650 ## - SUBJECT ADDED ENTRY--TOPICAL TERM
Topical term or geographic name entry element HONG KONG
650 ## - SUBJECT ADDED ENTRY--TOPICAL TERM
Topical term or geographic name entry element TEAM LEADERS
690 ## - LOCAL SUBJECT ADDED ENTRY--TOPICAL TERM (OCLC, RLIN)
Topical term or geographic name as entry element Quantity surveying
9 (RLIN) 6263
700 ## - ADDED ENTRY--PERSONAL NAME
Personal name Liu, A
700 ## - ADDED ENTRY--PERSONAL NAME
Personal name Miu Fong, C.
942 ## - ADDED ENTRY ELEMENTS (KOHA)
Suppress in OPAC 0
Holdings
Withdrawn status Lost status Source of classification or shelving scheme Damaged status Not for loan Home library Current library Shelving location Date acquired Total Checkouts Full call number Barcode Date last seen Copy number Price effective from Koha item type
    Dewey Decimal Classification     London London Journal article 05/02/2004   ABS67459 125060-1001 06/08/2019 1 06/08/2019 Journal article